000
00309nam a2200121Ia 4500
008
191201s2003 xx 000 0 und d
100
_a
Microsoft, Press
245
0
_a
MS Internet and Networking Dictionary
260
_a
N.Delhi
_b
Prentice Hall
_c
2003
300
_a
327
650
_a
B.Tech(IT)
942
_2
ddc
_c
BK
999
_c
3243
_d
3243